[Event "Landesliga Nord 1920"]
[Site "Bayern"]
[Date "2020.02.09"]
[Round "6.4"]
[White "Rebhan, Gilbert Andre"]
[Black "Grabert, Ralf"]
[Result "0-1"]
[WhiteElo "1899"]
[BlackElo "2144"]
[PlyCount "62"]
[EventDate "2019.09.29"]
[EventType "team-tourn"]
[EventRounds "9"]
[EventCountry "GER"]
[SourceTitle "EXT 2021"]
[Source "ChessBase"]
[SourceDate "2020.10.23"]
[SourceVersion "1"]
[SourceVersionDate "2020.10.23"]
[SourceQuality "1"]
[WhiteTeam "Kronach"]
[BlackTeam "Kareth Lappersdorf"]
[WhiteTeamCountry "GER"]
[BlackTeamCountry "GER"]

1. d4 Nf6 2. Nc3 d5 3. Bf4 Bf5 4. e3 e6 5. f3 Bg6 6. g4 a6 7. h4 h5 8. g5 Nfd7 9. Bd3 Bxd3 10. Qxd3 c5 11. Nh3 Nc6 12. 0-0-0 Qa5 13. Kb1 c4 14. Qd2 Bb4 15. e4 Bxc3 16. Qxc3 Qxc3 17. bxc3 Ne7 18. Bd6 Nb6 19. Kc1 Ng6 20. Kd2 Nxh4 21. Rb1 Nc8 22. Bg3 Nxf3+ 23. Ke3 dxe4 24. Rxb7 h4 25. Bc7 f6 26. gxf6 gxf6 27. Kxe4 Ng5+ 28. Ke3 Ne7 29. Rb8+ Rxb8 30. Bxb8 Kd7 31. Bf4 Nd5+ 0-1

[Event "Landesliga Nord 1920"]
[Site "Bayern"]
[Date "2019.11.24"]
[Round "3.4"]
[White "Krauss, Josef"]
[Black "Rebhan, Gilbert Andre"]
[Result "1-0"]
[WhiteElo "2091"]
[BlackElo "1899"]
[PlyCount "55"]
[EventDate "2019.09.29"]
[EventType "team-tourn"]
[EventRounds "9"]
[EventCountry "GER"]
[SourceTitle "EXT 2021"]
[Source "ChessBase"]
[SourceDate "2020.10.23"]
[SourceVersion "1"]
[SourceVersionDate "2020.10.23"]
[SourceQuality "1"]
[WhiteTeam "Schweinfurt"]
[BlackTeam "Kronach"]
[WhiteTeamCountry "GER"]
[BlackTeamCountry "GER"]

1. e4 d6 2. d4 Nf6 3. Nc3 e5 4. Nf3 Nbd7 5. Bc4 Be7 6. 0-0 0-0 7. Re1 c6 8. a4 a5 9. b3 Qc7 10. h3 Nb6 11. Bd3 Re8 12. Bb2 Bf8 13. Ne2 Nbd7 14. Ng3 b6 15. Qd2 g6 16. Rad1 Bb7 17. Qc1 Bg7 18. Qa1 h6 19. Rd2 Rad8 20. Red1 c5 21. dxe5 dxe5 22. Bb5 Bc6 23. Bxc6 Qxc6 24. Nxe5 Rxe5 25. Bxe5 Re8 26. Bb2 Nxe4 27. Nxe4 Bxb2 28. Qxb2 1-0

[Event "Landesliga Nord 1920"]
[Site "Bayern"]
[Date "2019.10.20"]
[Round "1.4"]
[White "Stoeckl, Stephan"]
[Black "Rebhan, Gilbert Andre"]
[Result "1/2-1/2"]
[WhiteElo "1984"]
[BlackElo "1899"]
[PlyCount "59"]
[EventDate "2019.09.29"]
[EventType "team-tourn"]
[EventRounds "9"]
[EventCountry "GER"]
[SourceTitle "EXT 2021"]
[Source "ChessBase"]
[SourceDate "2020.10.23"]
[SourceVersion "1"]
[SourceVersionDate "2020.10.23"]
[SourceQuality "1"]
[WhiteTeam "Schwandorf"]
[BlackTeam "Kronach"]
[WhiteTeamCountry "GER"]
[BlackTeamCountry "GER"]

1. Nf3 d6 2. c4 e5 3. Nc3 f5 4. d3 Nf6 5. g3 Be7 6. Bg2 0-0 7. 0-0 Qe8 8. Rb1 Qh5 9. Nd5 Nxd5 10. cxd5 Nd7 11. b4 Nf6 12. Qb3 Kh8 13. Bg5 Bd7 14. Bxf6 Rxf6 15. Qc4 Rc8 16. b5 f4 17. Rb4 Bh3 18. Qe4 Rcf8 19. Bxh3 Qxh3 20. Ng5 Qh5 21. Ne6 fxg3 22. hxg3 Rh6 23. Qg2 Rf7 24. Rc4 Qxe2 25. Rxc7 Kg8 26. Rxb7 Qxd3 27. Rc1 Rhf6 28. Rc8+ Bf8 29. Rxf7 Rxf7 30. Nxf8 1/2-1/2

[Event "Regionalliga Nord-West 1819"]
[Site "Bayern"]
[Date "2019.02.24"]
[Round "7.4"]
[White "Gould, Charles"]
[Black "Rebhan, Gilbert Andre"]
[Result "1-0"]
[WhiteElo "1883"]
[BlackElo "1965"]
[PlyCount "68"]
[EventDate "2018.10.21"]
[EventType "team-tourn"]
[EventRounds "9"]
[EventCountry "GER"]
[SourceTitle "EXT 2022"]
[Source "ChessBase"]
[SourceDate "2021.10.06"]
[SourceVersion "1"]
[SourceVersionDate "2021.10.06"]
[SourceQuality "1"]
[WhiteTeam "Wuerzburg II"]
[BlackTeam "Kronach"]
[WhiteTeamCountry "GER"]
[BlackTeamCountry "GER"]

1. f4 g6 2. e4 Bg7 3. Nf3 d6 4. g3 c5 5. d3 Nc6 6. Bg2 Nf6 7. 0-0 0-0 8. Nc3 Rb8 9. Kh1 Bg4 10. h3 Bd7 11. Be3 b5 12. Kh2 b4 13. Ne2 Ne8 14. Qc1 f5 15. exf5 Bxf5 16. Ng5 h6 17. Bd5+ Kh8 18. Nf7+ Rxf7 19. Bxf7 e5 20. fxe5 Nxe5 21. Bxe8 Qxe8 22. Ng1 Qe6 23. Bxh6 Bxh3 24. Bxg7+ Kxg7 25. Rf4 Rh8 26. Rh4 Ng4+ 27. Kxh3 Ne3+ 28. Kh2 Rxh4+ 29. gxh4 Qe5+ 30. Kh3 Qf5+ 31. Kg3 Qg4+ 32. Kf2 Qf4+ 33. Ke2 Qh2+ 34. Kxe3 Qe5+ 1-0

[Event "Oberfranken-ch"]
[Site "Schney"]
[Date "2019.01.04"]
[Round "4"]
[White "Koch, Christian1"]
[Black "Rebhan, Gilbert Andre"]
[Result "1/2-1/2"]
[WhiteElo "1996"]
[BlackElo "1923"]
[PlyCount "31"]
[EventDate "2019.01.03"]
[EventType "swiss"]
[EventRounds "7"]
[EventCountry "GER"]
[SourceTitle "CBM 188 Extra"]
[Source "ChessBase"]
[SourceDate "2019.02.28"]
[SourceVersion "1"]
[SourceVersionDate "2019.02.28"]
[SourceQuality "1"]

1. e4 d6 2. d4 Nf6 3. Nc3 e5 4. dxe5 dxe5 5. Qxd8+ Kxd8 6. a3 c6 7. Bc4 Be6 8. Bxe6 fxe6 9. Nf3 Bd6 10. 0-0 Ke7 11. Rd1 Nbd7 12. Be3 Ng4 13. Bg5+ Ngf6 14. Rd2 Rhd8 15. Rad1 Bc7 16. Kf1 1/2-1/2

[Event "Oberfranken-ch"]
[Site "Schney"]
[Date "2019.01.04"]
[Round "3"]
[White "Rebhan, Gilbert Andre"]
[Black "Moenius, Alexander"]
[Result "1-0"]
[WhiteElo "1923"]
[BlackElo "1853"]
[PlyCount "21"]
[EventDate "2019.01.03"]
[EventType "swiss"]
[EventRounds "7"]
[EventCountry "GER"]
[SourceTitle "CBM 188 Extra"]
[Source "ChessBase"]
[SourceDate "2019.02.28"]
[SourceVersion "1"]
[SourceVersionDate "2019.02.28"]
[SourceQuality "1"]

1. d4 Nf6 2. Bf4 g6 3. Nc3 d5 4. e3 Bg7 5. h4 c6 6. Bd3 h5 7. Nf3 Qb6 8. Qd2 Qxb2 9. Rb1 Qa3 10. 0-0 Qa5 11. Nb5 1-0

[Event "Regionalliga Nord-West 1718"]
[Site "Bayern"]
[Date "2017.11.26"]
[Round "3.5"]
[White "Brunsch, Michael"]
[Black "Rebhan, Gilbert Andre"]
[Result "1-0"]
[WhiteElo "1957"]
[BlackElo "1904"]
[PlyCount "81"]
[EventDate "2017.10.22"]
[EventType "team-tourn"]
[EventRounds "9"]
[EventCountry "GER"]
[SourceTitle "EXT 2022"]
[Source "ChessBase"]
[SourceDate "2021.10.06"]
[SourceVersion "1"]
[SourceVersionDate "2021.10.06"]
[SourceQuality "1"]
[WhiteTeam "Hoechstadt/Aisch"]
[BlackTeam "Kronach"]
[WhiteTeamCountry "GER"]
[BlackTeamCountry "GER"]

1. Nf3 g6 2. c4 Bg7 3. Nc3 c5 4. d4 cxd4 5. Nxd4 Nc6 6. Nc2 Bxc3+ 7. bxc3 Qa5 8. Bd2 Nf6 9. f3 d6 10. e4 Ne5 11. Ne3 Be6 12. Nd5 Nxd5 13. cxd5 Bd7 14. Be2 Qc5 15. Qb3 0-0 16. c4 b6 17. a4 Rfc8 18. Be3 Qc7 19. Kf2 Qd8 20. Rhc1 Qf8 21. a5 bxa5 22. Rxa5 f5 23. exf5 Qxf5 24. Kg1 Rab8 25. Qc2 Qf6 26. Rxa7 Rb2 27. Qd1 Bf5 28. Bd4 Qg5 29. Bxb2 Qe3+ 30. Kh1 Qxa7 31. Bd4 Qa3 32. c5 Nf7 33. c6 Qa5 34. Bc3 Qa3 35. Qd2 g5 36. g4 Bg6 37. Ra1 Qc5 38. Qd4 Qxd4 39. Bxd4 Ne5 40. Ba6 Rxc6 41. dxc6 1-0

[Event "Regionalliga Nord-West 1718"]
[Site "Bayern"]
[Date "2017.11.12"]
[Round "2.6"]
[White "Meier, Gerd"]
[Black "Rebhan, Gilbert Andre"]
[Result "1/2-1/2"]
[WhiteElo "1741"]
[BlackElo "1904"]
[PlyCount "25"]
[EventDate "2017.10.22"]
[EventType "team-tourn"]
[EventRounds "9"]
[EventCountry "GER"]
[SourceTitle "EXT 2022"]
[Source "ChessBase"]
[SourceDate "2021.10.06"]
[SourceVersion "1"]
[SourceVersionDate "2021.10.06"]
[SourceQuality "1"]
[WhiteTeam "Hof PTSV"]
[BlackTeam "Kronach"]
[WhiteTeamCountry "GER"]
[BlackTeamCountry "GER"]

1. e4 Nc6 2. Nf3 d6 3. d4 Nf6 4. Nc3 g6 5. h3 Bg7 6. Be3 0-0 7. Qd2 e5 8. d5 Ne7 9. 0-0-0 Ne8 10. g4 c6 11. Bh6 Qa5 12. Bxg7 Nxg7 13. Nxe5 1/2-1/2

[Event "Regionalliga NW 1617"]
[Site "Bayern"]
[Date "2017.04.30"]
[Round "9.5"]
[White "Von Golitschek, Manfred"]
[Black "Rebhan, Gilbert Andre"]
[Result "1/2-1/2"]
[WhiteElo "1828"]
[BlackElo "1837"]
[PlyCount "71"]
[EventDate "2016.10.16"]
[EventType "team-tourn"]
[EventRounds "9"]
[EventCountry "GER"]
[SourceTitle "EXT 2019"]
[Source "ChessBase"]
[SourceDate "2018.10.10"]
[SourceVersion "1"]
[SourceVersionDate "2018.10.10"]
[SourceQuality "1"]
[WhiteTeam "Prichsenstadt"]
[BlackTeam "Kronach"]
[WhiteTeamCountry "GER"]
[BlackTeamCountry "GER"]

1. d4 d6 2. e4 Nf6 3. Nc3 Nbd7 4. f4 e5 5. Nf3 exd4 6. Qxd4 Be7 7. Bd2 0-0 8. 0-0-0 c6 9. h3 Qb6 10. Be3 Qa5 11. g4 d5 12. exd5 Bc5 13. Qd3 Bxe3+ 14. Qxe3 Nxd5 15. Nxd5 cxd5 16. Kb1 Nf6 17. Qd4 Re8 18. Ne5 Ne4 19. Bg2 f6 20. Bxe4 dxe4 21. Nc4 Qa6 22. Nd6 Be6 23. b3 Red8 24. f5 Bf7 25. Qc5 e3 26. Nxf7 Rxd1+ 27. Rxd1 e2 28. Re1 Kxf7 29. Qd5+ Kf8 30. c4 Re8 31. Qd3 Qc6 32. Rxe2 Qh1+ 33. Kc2 Rxe2+ 34. Qxe2 Qxh3 35. Qe4 Qh2+ 36. Kd3 1/2-1/2

[Event "Oberfranken-ch"]
[Site "Schney"]
[Date "2017.01.06"]
[Round "7"]
[White "Schulz, Horst"]
[Black "Rebhan, Gilbert Andre"]
[Result "1/2-1/2"]
[WhiteElo "1745"]
[BlackElo "1974"]
[PlyCount "89"]
[EventDate "2017.01.03"]
[EventType "swiss"]
[EventRounds "7"]
[EventCountry "GER"]
[SourceTitle "CBM 176 Extra"]
[Source "ChessBase"]
[SourceDate "2017.03.02"]
[SourceVersion "1"]
[SourceVersionDate "2017.03.02"]
[SourceQuality "1"]

1. d4 Nc6 2. f4 Nf6 3. e3 d6 4. Nf3 g6 5. Bb5 a6 6. Ba4 b5 7. Bb3 Bg7 8. 0-0 0-0 9. c3 Bb7 10. Nbd2 Na5 11. Bc2 c5 12. Nb3 Nxb3 13. Bxb3 Qb6 14. Kh1 Rac8 15. Bd2 Rfd8 16. Qe1 e6 17. Qh4 a5 18. a3 Ba6 19. Rg1 Bb7 20. Rgf1 Be4 21. h3 Qb7 22. Kh2 a4 23. Bd1 h6 24. Be2 b4 25. axb4 cxb4 26. Rxa4 bxc3 27. Bxc3 Qb3 28. Rfa1 Qc2 29. Qe1 Bc6 30. Ra7 Qe4 31. Bf1 Nd5 32. Bd2 e5 33. fxe5 dxe5 34. Qf2 f5 35. Bc4 Kh8 36. Nh4 Rd6 37. R1a3 exd4 38. Bxd5 Be5+ 39. Kg1 Bxd5 40. Nf3 dxe3 41. Rxe3 Qb1+ 42. Re1 Qxb2 43. Rxe5 Bxf3 44. Qe3 Qd4 45. gxf3 1/2-1/2

[Event "Oberfranken-ch"]
[Site "Schney"]
[Date "2017.01.04"]
[Round "4"]
[White "Rebhan, Gilbert Andre"]
[Black "Aigner, Patrick"]
[Result "1-0"]
[WhiteElo "1974"]
[BlackElo "1374"]
[PlyCount "31"]
[EventDate "2017.01.03"]
[EventType "swiss"]
[EventRounds "7"]
[EventCountry "GER"]
[SourceTitle "CBM 176 Extra"]
[Source "ChessBase"]
[SourceDate "2017.03.02"]
[SourceVersion "1"]
[SourceVersionDate "2017.03.02"]
[SourceQuality "1"]

1. Nc3 e6 2. e4 d5 3. f4 Nf6 4. e5 Nfd7 5. Nf3 c5 6. g3 a6 7. a4 c4 8. Bg2 Be7 9. 0-0 0-0 10. d4 f5 11. exf6 Nxf6 12. Ne5 Nbd7 13. a5 b6 14. Nxc4 b5 15. Ne5 Bb4 16. Nc6 1-0

[Event "Oberfranken-ch"]
[Site "Schney"]
[Date "2016.01.04"]
[Round "4"]
[White "Rebhan, Gilbert Andre"]
[Black "Leicht, Gerhard"]
[Result "1-0"]
[WhiteElo "1903"]
[BlackElo "1803"]
[PlyCount "67"]
[EventDate "2016.01.03"]
[EventType "swiss"]
[EventRounds "7"]
[EventCountry "GER"]
[SourceTitle "CBM 170 Extra"]
[Source "ChessBase"]
[SourceDate "2016.02.25"]
[SourceVersion "1"]
[SourceVersionDate "2016.02.25"]
[SourceQuality "1"]

1. Nc3 c5 2. Nf3 Nc6 3. d4 cxd4 4. Nxd4 g6 5. Nxc6 bxc6 6. e4 Bg7 7. Bc4 d6 8. 0-0 Qb6 9. Bb3 Nf6 10. Be3 Qa5 11. h3 0-0 12. Qd2 Qh5 13. Rfe1 Nd7 14. Bc4 Re8 15. Rab1 Qa5 16. b4 Qc7 17. Bb3 Bb7 18. Bd4 e5 19. Be3 a6 20. a4 Rac8 21. f3 Nf6 22. a5 c5 23. b5 c4 24. Bb6 Qe7 25. Ba4 Nd7 26. bxa6 Bxa6 27. Nd5 Qe6 28. Nc7 Rxc7 29. Bxc7 Rc8 30. Qxd6 Qxd6 31. Bxd6 Nc5 32. Bb5 Bxb5 33. Rxb5 Ne6 34. a6 1-0

[Event "Regionalliga NW 1516"]
[Site "Bayern"]
[Date "2015.11.15"]
[Round "3.6"]
[White "Rebhan, Gilbert Andre"]
[Black "Wambach, Juergen"]
[Result "0-1"]
[WhiteElo "1879"]
[BlackElo "1922"]
[PlyCount "52"]
[EventDate "2015.10.11"]
[EventType "team-tourn"]
[EventRounds "9"]
[EventCountry "GER"]
[SourceTitle "EXT 2018"]
[Source "ChessBase"]
[SourceDate "2017.10.13"]
[SourceVersion "1"]
[SourceVersionDate "2017.10.13"]
[SourceQuality "1"]
[WhiteTeam "Kronach"]
[BlackTeam "Klingenberg"]
[WhiteTeamCountry "GER"]
[BlackTeamCountry "GER"]

1. Nc3 d6 2. e4 e5 3. Bc4 Nf6 4. f4 Be7 5. d3 0-0 6. Nf3 Bg4 7. 0-0 Nc6 8. h3 Bxf3 9. Qxf3 Nd4 10. Qf2 c6 11. Be3 b5 12. Bxd4 exd4 13. Qxd4 bxc4 14. Qxc4 Qb6+ 15. Kh2 Rab8 16. a3 d5 17. exd5 cxd5 18. Nxd5 Nxd5 19. Qxd5 Qxb2 20. c4 Rfd8 21. Qe4 Bc5 22. Rab1 Qd4 23. Rxb8 Rxb8 24. Qc6 Bxa3 25. Rf3 Bd6 26. Kg3 g5 0-1

[Event "Oberfranken-ch"]
[Site "Lichtenfels"]
[Date "2014.01.06"]
[Round "7"]
[White "Gebhardt, Christian"]
[Black "Rebhan, Gilbert Andre"]
[Result "1/2-1/2"]
[WhiteElo "1848"]
[BlackElo "1900"]
[PlyCount "41"]
[EventDate "2014.01.03"]
[EventType "swiss"]
[EventRounds "7"]
[EventCountry "GER"]
[SourceTitle "EXT 2019"]
[Source "ChessBase"]
[SourceDate "2018.10.10"]
[SourceVersion "1"]
[SourceVersionDate "2018.10.10"]
[SourceQuality "1"]

1. e4 g6 2. d4 Bg7 3. Nc3 d6 4. f4 a6 5. Nf3 Nd7 6. Bc4 e6 7. Be3 b5 8. Bd3 Nh6 9. Qd2 Bb7 10. h3 f5 11. Ng5 Qe7 12. 0-0-0 0-0 13. g4 c5 14. gxf5 cxd4 15. fxg6 dxe3 16. gxh7+ Kh8 17. Qxe3 Rac8 18. Ne2 Nc5 19. Nd4 e5 20. fxe5 Bxe5 21. Ne2 1/2-1/2

[Event "Oberfranken-ch"]
[Site "Lichtenfels"]
[Date "2014.01.03"]
[Round "2"]
[White "Beier, Klaus"]
[Black "Rebhan, Gilbert Andre"]
[Result "1-0"]
[WhiteElo "2101"]
[BlackElo "1900"]
[PlyCount "35"]
[EventDate "2014.01.03"]
[EventType "swiss"]
[EventRounds "7"]
[EventCountry "GER"]
[SourceTitle "EXT 2019"]
[Source "ChessBase"]
[SourceDate "2018.10.10"]
[SourceVersion "1"]
[SourceVersionDate "2018.10.10"]
[SourceQuality "1"]

1. d4 Nf6 2. Nf3 g6 3. Bf4 Bg7 4. e3 d6 5. h3 0-0 6. Bc4 Nc6 7. 0-0 e5 8. dxe5 Ne4 9. Bd5 dxe5 10. Bxc6 bxc6 11. Bxe5 Bxe5 12. Nxe5 Qf6 13. Qd4 Bf5 14. Ng4 Qh4 15. Nc3 Rfd8 16. Qe5 Re8 17. Qf4 Nxc3 18. Nh6+ 1-0

[Event "Oberfranken-ch 1213"]
[Site "Schney"]
[Date "2013.01.05"]
[Round "5"]
[White "Rebhan, Gilbert Andre"]
[Black "Andres, Andrei"]
[Result "0-1"]
[WhiteElo "1830"]
[BlackElo "1740"]
[PlyCount "80"]
[EventDate "2013.01.03"]
[EventType "swiss"]
[EventRounds "7"]
[EventCountry "GER"]
[SourceTitle "EXT 2015"]
[Source "ChessBase"]
[SourceDate "2014.11.20"]
[SourceVersion "1"]
[SourceVersionDate "2014.11.20"]
[SourceQuality "1"]

1. Nc3 c5 2. Nf3 Nc6 3. d4 cxd4 4. Nxd4 g6 5. Bg5 Bg7 6. Ndb5 Nf6 7. Nd5 Nxd5 8. Nd6+ Kf8 9. Qxd5 Qa5+ 10. Qxa5 Nxa5 11. Nxc8 Rxc8 12. c3 Rxc3 13. Bd2 Rc5 14. b4 Rd5 15. Rc1 Nc6 16. e4 Rxd2 17. Rxc6 dxc6 18. Kxd2 Bd4 19. Bc4 e5 20. f4 exf4 21. b5 cxb5 22. Bxb5 Ke7 23. Ke2 b6 24. Rc1 Bc5 25. Kf3 g5 26. Rd1 Rd8 27. Rxd8 Kxd8 28. Kg4 h6 29. h4 f6 30. h5 Bf8 31. Kf5 Ke7 32. Kg6 Ke6 33. Be2 Ke5 34. Bf3 b5 35. Kf7 Bc5 36. Kg6 Be3 37. Kxh6 g4 38. Kg7 gxf3 39. gxf3 f5 40. h6 Bd4 0-1

[Event "CP-2008-S-00002"]
[Site "LSS email"]
[Date "2011.05.07"]
[Round "?"]
[White "Rebhan, Gilbert Andre"]
[Black "Loinjak, Sinisa"]
[Result "0-1"]
[WhiteElo "2076"]
[BlackElo "2545"]
[PlyCount "50"]
[EventDate "2011.05.14"]
[EventType "tourn (corr)"]
[EventRounds "6"]
[EventCountry "GER"]
[SourceTitle "Telechess CBM 153"]
[Source "ChessBase"]
[SourceDate "2013.03.14"]
[SourceVersion "1"]
[SourceVersionDate "2013.03.14"]
[SourceQuality "1"]

1. Nc3 d5 2. e4 d4 3. Nce2 Nc6 4. Ng3 Qd6 5. Bb5 e5 6. c3 Nge7 7. Nf3 h5 8. h4 Bg4 9. Qb3 Bxf3 10. gxf3 d3 11. Bc4 Nd8 12. Qa3 Qd7 13. Qa5 f6 14. a4 a6 15. Qc5 Ng6 16. Qd5 Qxd5 17. Bxd5 Nf4 18. Bc4 a5 19. b3 Nf7 20. Nf1 Nd6 21. Ne3 Kd7 22. Ba3 Nxc4 23. Bxf8 Rhxf8 24. Nxc4 Rfb8 25. Na3 b6 0-1

[Event "CP-2008-S-00002"]
[Site "LSS email"]
[Date "2011.05.07"]
[Round "?"]
[White "Rebhan, Gilbert Andre"]
[Black "Wallach, Naor"]
[Result "1/2-1/2"]
[WhiteElo "2076"]
[BlackElo "2242"]
[PlyCount "79"]
[EventDate "2011.05.14"]
[EventType "tourn (corr)"]
[EventRounds "6"]
[EventCountry "GER"]
[SourceTitle "Telechess CBM 153"]
[Source "ChessBase"]
[SourceDate "2013.03.14"]
[SourceVersion "1"]
[SourceVersionDate "2013.03.14"]
[SourceQuality "1"]

1. Nc3 c5 2. Nf3 Nf6 3. d4 cxd4 4. Nxd4 e5 5. Ndb5 d6 6. Bg5 a6 7. Na3 Nbd7 8. Nc4 h6 9. Bxf6 Nxf6 10. e4 Be6 11. Ne3 Qb6 12. Rb1 Qc5 13. Qf3 Be7 14. Bd3 0-0 15. 0-0 b5 16. a3 g6 17. h3 Rab8 18. Rfe1 Rfc8 19. Ra1 Rc7 20. Rad1 a5 21. Qe2 Rcb7 22. a4 bxa4 23. Nxa4 Qc7 24. b3 Rb4 25. Qf3 Rd8 26. Nb2 Rd4 27. c4 Rb8 28. Bc2 Bd7 29. Nd5 Nxd5 30. Rxd4 Nb4 31. Rd2 Bg5 32. Rde2 Nc6 33. Ra1 Nd4 34. Qd3 Nxe2+ 35. Qxe2 Qb6 36. Na4 Qb4 37. Qd3 Bxa4 38. Rxa4 Qd2 39. Qxd2 Bxd2 40. Kf1 1/2-1/2

[Event "Oberfranken-ch"]
[Site "Schney"]
[Date "2011.01.05"]
[Round "6"]
[White "Niemetz, Alexander"]
[Black "Rebhan, Gilbert Andre"]
[Result "1-0"]
[WhiteElo "1879"]
[BlackElo "1844"]
[PlyCount "61"]
[EventDate "2011.01.03"]
[EventType "swiss"]
[EventRounds "7"]
[EventCountry "GER"]
[SourceTitle "EXT 2015"]
[Source "ChessBase"]
[SourceDate "2014.11.20"]
[SourceVersion "1"]
[SourceVersionDate "2014.11.20"]
[SourceQuality "1"]

1. d4 Nc6 2. Nf3 d5 3. c4 Bg4 4. e3 e6 5. Nc3 Nf6 6. Be2 Bb4 7. cxd5 exd5 8. 0-0 0-0 9. Qb3 Bxc3 10. bxc3 Na5 11. Qc2 Re8 12. h3 Bxf3 13. Bxf3 Nc4 14. Rb1 Rb8 15. a4 Re6 16. Be2 Nd6 17. Bd3 Nfe4 18. f3 Ng3 19. Re1 g6 20. Bd2 c6 21. e4 dxe4 22. fxe4 Qh4 23. e5 Ndf5 24. Bc4 Re7 25. Ba2 Rd8 26. Rbd1 Qh5 27. Bc1 Kg7 28. Bf4 Qh4 29. Qf2 Nh5 30. Qxh4 Nxh4 31. Bg5 1-0

[Event "Oberfranken-ch"]
[Site "Schney"]
[Date "2011.01.04"]
[Round "3"]
[White "Rebhan, Gilbert Andre"]
[Black "Hahn, Thomas1"]
[Result "1-0"]
[WhiteElo "1844"]
[BlackElo "1614"]
[PlyCount "79"]
[EventDate "2011.01.03"]
[EventType "swiss"]
[EventRounds "7"]
[EventCountry "GER"]
[SourceTitle "EXT 2015"]
[Source "ChessBase"]
[SourceDate "2014.11.20"]
[SourceVersion "1"]
[SourceVersionDate "2014.11.20"]
[SourceQuality "1"]

1. Nc3 Nf6 2. e4 d6 3. d3 g6 4. g3 Bg7 5. Bg2 0-0 6. f4 c5 7. Nf3 Nc6 8. 0-0 Rb8 9. a4 Bg4 10. h3 Bxf3 11. Bxf3 Nd4 12. Bg2 Qd7 13. Ne2 Nxe2+ 14. Qxe2 a6 15. Be3 Nh5 16. Kh2 Bxb2 17. Ra2 Bh8 18. g4 Ng7 19. f5 b5 20. axb5 axb5 21. e5 dxe5 22. Bxc5 e4 23. d4 b4 24. Ra7 Rb7 25. Rxb7 Qxb7 26. Bxe4 Qc7+ 27. Kg2 Rb8 28. fxg6 hxg6 29. Qf3 e6 30. Bd6 Nf5 31. Bxc7 Nh4+ 32. Kg3 Nxf3 33. Bxb8 Nxd4 34. Kg2 f5 35. Bd3 b3 36. cxb3 Nxb3 37. Bc4 Nd4 38. Ba7 fxg4 39. hxg4 Nc6 40. Bxe6+ 1-0

[Event "CP-2008-Q-00006"]
[Site "LSS email"]
[Date "2010.01.10"]
[Round "?"]
[White "Istomin, Sergei"]
[Black "Rebhan, Gilbert Andre"]
[Result "1-0"]
[WhiteElo "2059"]
[BlackElo "2016"]
[PlyCount "71"]
[EventDate "2010.01.15"]
[EventType "tourn (corr)"]
[EventRounds "6"]
[EventCountry "GER"]
[SourceTitle "Telechess CBM 141"]
[Source "ChessBase"]
[SourceDate "2011.03.17"]
[SourceVersion "1"]
[SourceVersionDate "2011.03.17"]
[SourceQuality "1"]

1. e4 Nc6 2. d4 d5 3. Nc3 e6 4. Nf3 Nf6 5. Bd3 Nb4 6. e5 Nxd3+ 7. Qxd3 Ng8 8. 0-0 Be7 9. h3 h5 10. Nh2 Nh6 11. Ne2 b6 12. Re1 Bb7 13. c3 Nf5 14. Ng3 Nh4 15. b4 a5 16. b5 Qd7 17. a4 c6 18. Nf3 cxb5 19. Nxh4 Bxh4 20. axb5 Rc8 21. Ba3 Be7 22. Bxe7 Qxe7 23. Re3 h4 24. Ne2 Rc7 25. Rf3 Bc8 26. Rf4 Bd7 27. Rg4 Kf8 28. Nf4 Qe8 29. g3 Bxb5 30. Qf3 Rh6 31. gxh4 a4 32. Qg3 Rh7 33. Kh2 Qc6 34. Rc1 Qc4 35. h5 Be8 36. h6 1-0

[Event "CP-2008-Q-00006"]
[Site "LSS email"]
[Date "2010.01.10"]
[Round "?"]
[White "Rebhan, Gilbert Andre"]
[Black "Bogustov, Andrey Alexeevich"]
[Result "1-0"]
[WhiteElo "2042"]
[BlackElo "1798"]
[PlyCount "21"]
[EventDate "2010.01.15"]
[EventType "tourn (corr)"]
[EventRounds "6"]
[EventCountry "GER"]
[SourceTitle "Corr 2013"]
[Source "ChessBase"]
[SourceDate "2012.11.12"]
[SourceVersion "1"]
[SourceVersionDate "2012.11.12"]
[SourceQuality "1"]

1. Nc3 d5 2. e4 d4 3. Nce2 e5 4. Ng3 Be6 5. Nf3 f6 6. Be2 Nc6 7. 0-0 Nge7 8. d3 Ng6 9. c3 Qd7 10. cxd4 exd4 11. Ne1 1-0